000 00542nam a2200229Ia 4500
003 OSt
005 20221005131158.0
006 a|||||r|||| 00| 0
007 ta
008 221004b |||||||| |||| 00| 0 guj d
024 _a40697
037 _cTextual
040 _aCRL
_cCRL
_bguj
041 _2guj
_aguj
082 _aO156,6x, M0
245 0 _ashatabdi vyakyan matra
260 _c1980
300 _a158p.
_ccm.
650 _aGUJRATI LITERATURE
942 _hO156,6x, M0
_cTEXL
_2cc
999 _c1059566
_d1059566